| Tag |
First Indicator |
Second Indicator |
Subfields |
| LEADER |
00000cam a2200000Ia 4500 |
| 001 |
in00002461908 |
| 005 |
20151110075636.0 |
| 008 |
080911s2008 flu 001 0 eng d |
| 010 |
|
|
|z 2002109890
|
| 020 |
|
|
|a 0977221423
|
| 020 |
|
|
|a 9780977221424
|
| 035 |
|
|
|a (OCoLC)ocn247966375
|
| 040 |
|
|
|a OHI
|c OHI
|d UtOrBLW
|
| 043 |
|
|
|a n-us---
|
| 049 |
|
|
|a TXAM
|
| 090 |
|
|
|a T55.2
|b .M672 2008
|
| 100 |
1 |
|
|a Moran, Mark McGuire,
|d 1959-
|
| 245 |
1 |
4 |
|a The OSHA training answer book :
|b the employer's guide that answers every OSHA training question /
|c Mark M. Moran.
|
| 250 |
|
|
|a 2nd ed.
|
| 264 |
|
1 |
|a Jacksonville, Fla. :
|b SafetyCertified.com, Inc.,
|c [2008]
|
| 264 |
|
4 |
|c ©2008
|
| 300 |
|
|
|a 208 pages ;
|c 23 cm.
|
| 336 |
|
|
|a text
|b txt
|2 rdacontent
|
| 337 |
|
|
|a unmediated
|b n
|2 rdamedia
|
| 338 |
|
|
|a volume
|b nc
|2 rdacarrier
|
| 500 |
|
|
|a Includes index.
|
| 650 |
|
0 |
|a Safety education, Industrial
|z United States.
|
| 945 |
|
|
|a PromptCat
|b 643553
|
| 946 |
|
|
|a stk
|
| 947 |
|
|
|a A14839793556
|
| 948 |
|
|
|a cataloged
|b h
|c 2009/3/12
|d c
|e dmitchel
|f 1:44:28 pm
|
| 994 |
|
|
|a 92
|b TXA
|
| 999 |
|
|
|a MARS
|
| 999 |
f |
f |
|s 2a7d279f-b14f-3710-8075-866dfddb134b
|i b596bc60-22b1-3223-87a9-a0247e529637
|t 0
|
| 952 |
f |
f |
|p ric
|a Texas A&M University
|b Rellis Campus
|c Joint Library Facility
|d Remote Storage
|t 0
|e T55.2 .M672 2008
|h Library of Congress classification
|i unmediated -- volume
|m A14839793556
|
| 998 |
f |
f |
|a T55.2 .M672 2008
|t 0
|l Remote Storage
|